000 00308nam a2200121Ia 4500
008 170620s9999 xx 000 0 und d
100 _aBHISE S B
245 0 _aANATOMY PHYSIOLOGY & HEALTH EDUCATION
260 _bNIRALI PUNE
260 _c2006
300 _a223
546 _aEnglish
690 _aANATOMY PHYSIOLOGY & HEALTH EDUCATION
999 _c30948
_d30948